MARC

LEADER 00000nam0a2200000 4500
001 378302
005 20231102013007.0
020 |a RU  |b 89-60033 
035 |a (RuTPU)RU\TPU\retro\35757 
035 |a RU\TPU\book\277486 
090 |a 378302 
100 |a 20230523d1989 k y0rusy5003 ca 
101 0 |a rus 
102 |a RU 
105 |a a z 001zy 
200 1 |a Аэротехногенное воздействие на экосистемы Кольского Севера  |f В. В. Крючков, Т. Д. Макарова  |g Академия наук СССР (АН СССР), Кольский научный центр (КолНЦ), Институт экономических проблем 
210 |a Апатиты  |c Изд-во КНЦ АН СССР  |d 1989 
215 |a 95,[1] с.  |c ил.  |d 27 см 
320 |a Библиогр.: с. 90-95 
606 1 |a Атмосфера  |x Источники загрязнения  |2 stltpush  |3 (RuTPU)RU\TPU\subj\38847  |9 59100 
610 1 |a загрязнения 
610 1 |a экологические системы 
610 1 |a Кольский полуостров 
610 1 |a вредные вещества 
610 1 |a геофизические параметры 
610 1 |a экологические последствия 
610 1 |a выбросы 
610 1 |a хвойные породы 
610 1 |a лиственные породы 
610 1 |a деревья 
610 1 |a лишайники 
610 1 |a мхи 
610 1 |a биоиндикаторы 
675 |a 504.3  |v 3 
700 1 |a Крючков  |b В. В.  |g Василий Васильевич  |4 070 
701 1 |a Макарова  |b Т. Д.  |4 070 
712 0 2 |a Академия наук СССР (АН СССР)  |b Кольский научный центр (КолНЦ)  |b Институт экономических проблем  |2 stltpush  |3 (RuTPU)RU\TPU\col\13631 
801 0 |a RU  |b RuMRKP  |c 19950417  |g psbo 
801 1 |a RU  |b 63413507  |c 20140325 
801 2 |a RU  |b 63413507  |c 20230523  |g RCR 
942 |c BK